• 首页
  • 本馆介绍
  • 公告通知
  • 最新文献
  • 馆藏检索
  • 电子资源
  • 读者导购
  • 参考咨询
  • 我的图书馆
  • 登录
  • 详细信息显示
  • 放入我的书架
  • 预约/预借图书
  • 作者相关作品
  • 分类相关作品
  • 丛书相关作品
  • 出版社相关作品

书目信息

  • 表格格式
  • 工作单格式
  • 卡片格式
题名:
电力电子变换器
    
 
作者: 孟麦森 主编 ;冬雷 译
分册:  
出版信息: 北京   机械工业出版社  2016
页数: 368页
开本: 16cm
丛书名: 国际电气工程先进技术译丛
单 册:
中图分类: TN624
科图分类:
主题词: 变换器 , 变换器
电子资源:
ISBN: 978-7-111-52721-3
000 01539nam0 2200313 450
001 847
001 01XX12660756@CSLN
005 20160912084825.87
010    @a978-7-111-52721-3@dCNY99.00
100    @a20160516d2016 em y0chiy50 ea
101 1  @achi@beng@cfre
102    @aCN@b110000
105    @aa z 000yy
200 1  @a电力电子变换器@ePWM策略与电流控制技术@f(法)艾瑞克·孟麦森(Eric Monmasson)主编@g冬雷译
210    @a北京@c机械工业出版社@d2016
215    @a368页@c图@d16cm
225 1  @a国际电气工程先进技术译丛
305    @a由Wiley授权出版
312    @a封面英文题名:Power electronic converters: PWM strategies and current control techniques
330    @a本书系统地介绍了现代电力电子变换装置及其PWM控制策略。全书共16章,第1-9章主要关注脉宽调制技术;第10-16章主要关注电流控制技术。其中,第1章和第2章讲述两种基本的PWM控制策略;第3章介绍PWM控制中的三相逆变器的过调制问题;第4-6章是对不同PWM控制方法的详细介绍;第7章介绍了PWM控制中的电磁干扰问题;第8章和第9章讲述了多重与多相功率变换器的PWM控制策略;第10-15章分别以同步电机和直流电源为例详细介绍了各种不同的电流控制方法;第16章介绍了多电平变换器的电流控制方法。
510 1  @aPower electronic converters@ePWM strategies and current control techniques@zeng
517 1  @aPWM策略与电流控制技术@9PWM ce lue yu dian liu kong zhi ji shu
606 0  @a变换器
606    @a变换器
690    @aTN624@v5
701  0 @a孟麦森@9meng mai sen@c(Monmasson, Eric)@c(法)@4主编
702  0 @a冬雷@9dong lei@4译
801  0 @aCN@b唐山师范学院图书馆@c20160724
905    @aZUCC@dTN624@e69
    
    电力电子变换器:PWM策略与电流控制技术/(法)艾瑞克·孟麦森(Eric Monmasson)主编/冬雷译.-北京:机械工业出版社,2016
    368页:图;16cm.-(国际电气工程先进技术译丛)
    
    
    ISBN 978-7-111-52721-3:CNY99.00
    本书系统地介绍了现代电力电子变换装置及其PWM控制策略。全书共16章,第1-9章主要关注脉宽调制技术;第10-16章主要关注电流控制技术。其中,第1章和第2章讲述两种基本的PWM控制策略;第3章介绍PWM控制中的三相逆变器的过调制问题;第4-6章是对不同PWM控制方法的详细介绍;第7章介绍了PWM控制中的电磁干扰问题;第8章和第9章讲述了多重与多相功率变换器的PWM控制策略;第10-15章分别以同步电机和直流电源为例详细介绍了各种不同的电流控制方法;第16章介绍了多电平变换器的电流控制方法。
●
相关链接 在E读中查询图书 在五车中查询图书 在当当中查询图书 在豆瓣中查询图书


正题名:电力电子变换器     索取号:TN624/69         预约/预借

序号 登录号 条形码 馆藏地/架位号 状态 备注
1 903707   209037077   第二样本阅览室/ [索取号:TN624/69] 在馆    
2 903708   209037086   第三借阅区/ [索取号:TN624/69] 在馆    
3 903709   209037095   第三借阅区/ [索取号:TN624/69] 在馆    
4 903710   209037102   第三借阅区/ [索取号:TN624/69] 在馆    
唐山师范学院图书馆 欢迎您!
大连网信软件有限公司© 版权所有